percy jackson characters - Statistics

General Stats
  • This quiz has been taken 96 times
  • The average score is 21 of 24
Answer Stats
hint Answer % Correct
a chase annabeth
100%
n DI Angelo nico
96%
p jackson percy
96%
d rachel dare
95%
g thalia grace
95%
j grace jason
95%
b charles beckendorf
94%
c Rodriquez chris
94%
e Nakamura ethan
93%
f zhang frank
93%
t stoll travis
93%
h Levesque hazel
91%
k gardner katie
91%
l clarisse la rue
91%
s Beauregard silena
91%
u grover underwood
89%
z nightshade Zoë
89%
v leo valdez
88%
w solace will
88%
r Avila Ramírez-Arellano reyna
84%
y Michael yew
79%
m jake mason
67%
o Augur Octavian
66%
q Daedalus quintus
66%
No matching quizzes found
Score Distribution
Percent of People with Each Score
Percentile by Number Answered
Your Score History
You have not taken this quiz